Normal view
MARC view
Entry Topical Term
001 - CONTROL NUMBER
- control field: 12863
003 - CONTROL NUMBER IDENTIFIER
- control field: BD-RjUL
005 - DATE AND TIME OF LATEST TRANSACTION
- control field: 20240507094235.0
008 - FIXED-LENGTH DATA ELEMENTS
- fixed length control field: 240507|| aca||aabn | a|a d
040 ## - CATALOGING SOURCE
- Original cataloging agency: BD-RjUL
- Transcribing agency: BD-RjUL
150 ## - HEADING--TOPICAL TERM
- Topical term or geographic name entry element: Determinants
- Form subdivision: Yield
670 ## - SOURCE DATA FOUND
- Source citation: Work cat.: (BD-RjUL)83660: Begum, Mrs. Shirina 12862, Studies on Morpho-Physiological Determinants of Yield of Cassava (Manihot Esculenta Crantz) /, 2002